Statystyki dla Najdłuższe rzeki przepływające przez woj. lubelskie

Kliknij tutaj aby rozwiązać quiz!

Ogólne statystyki

  • Ten quiz został rozwiązany 145 razy
  • Średni wynik to 4 z 10

Statystyki odpowiedzi

DługośćNazwa rzeki% Poprawnych
ok. 1 046 kmWisła
96%
772 kmBug
88%
303 kmWieprz
84%
70 kmBystrzyca
48%
120 kmKrzna
29%
113 kmTanew
29%
79 kmHuczwa
19%
74,4 kmTyśmienica
14%
71 kmSołokija
8%
68 kmZielawa
6%

Rozkład punktacji

Percentyl według liczby udzielonych odpowiedzi

Procent ludzi z każdym wynikiem

Twoja historia wyników

Nie rozwiązałeś tego quizu